| 000 | 00409cam a2200157ua 4500 | ||
|---|---|---|---|
| 041 |
_aeng _h |
||
| 082 |
_a028.71659 _bSTE/HA |
||
| 100 | _aStephenson, Howard . | ||
| 245 |
_aHandbook of public relations / _cHoward stephenson. _hTextual Documents |
||
| 250 |
_a1 / _b. |
||
| 260 |
_aNew York : _bMcGraw Hill Book Company , _c1960. |
||
| 300 | _a855 ; . | ||
| 504 | _a | ||
| 942 | _cBK | ||
| 999 |
_c6869 _d6869 |
||